01613nam a2200385Ia 4500001001200000003000800012006001900020007001500039008004100054010001700095020002100112020001800133040002100151035002000172050002400192082001500216130002300231245016400254246003700418260005900455300002900514490002800543504005400571533015200625650006800777650003100845655002900876700002900905700002500934710001700959730005400976830005401030856012601084999001701210ebr10278834CaPaEBRm u cr cn|||||||||980521s1999 enkb sb 000 0 eng d z 98022104  z0192833200(pbk.) z9780192833204 aCaPaEBRcCaPaEBR a(OCoLC)4701122914aPR1583b.C76 1999eb04a829/.32210 aBeowulf.lEnglish.10aBeowulfh[electronic resource] :bthe fight at Finnsburh /ctranslated by Kevin Crossley-Holland ; edited with an introduction and notes by Heather O'Donoghue.3 aBeowulf ; The fight at Finnsburh aOxford ;aNew York :bOxford University Press,cc1999. axxxvii, 128 p. :b1 map.1 aOxford world's classics aIncludes bibliographical references (p. 108-124). aElectronic reproduction.bPalo Alto, Calif. :cebrary,d2009.nAvailable via World Wide Web.nAccess may be limited to ebrary affiliated libraries. 0aEnglish poetryyOld English, ca. 450-1100vModernized versions. 0aEpic poetry, English (Old) 7aElectronic books.2local1 aCrossley-Holland, Kevin.1 aO'Donoghue, Heather.2 aebrary, Inc.0 aFight at Finnesburg (Anglo-Saxon poem).lEnglish. 0aOxford world's classics (Oxford University Press)40uhttp://site.ebrary.com/lib/rucke/Doc?id=10278834zAn electronic book accessible through the World Wide Web; click to view c19207d19207